000
00288nam a2200121Ia 4500
999
_c
14226
_d
14226
008
260210s9999 xx 000 0 und d
020
_a
9783038603115
082
_a
711.55
100
_a
Isidori
245
4
_a
The Architecture of Public Space
260
_b
Park books
942
_c
BPLAN
_2
ddc